| 000 | 00389pab a2200145 454500 | ||
|---|---|---|---|
| 008 | 180718b2005 xxu||||| |||| 00| 0 eng d | ||
| 100 | _aHellmich, Christina | ||
| 245 | _aAl-Qaeda - terrorists, hypocrites, fundamentalists? The view from within | ||
| 260 | _c2005 | ||
| 300 | _ap.39-54. | ||
| 650 | _aAl Qaeda | ||
| 650 | _aTerrorism | ||
| 773 | _aThird World Quarterly | ||
| 909 | _a65301 | ||
| 999 |
_c65301 _d65301 |
||